Superstar sales secrets

Bibliographic Details
Main Author: Farber, Barry J
Format: Book
Published: New Jersey : Career Press , 1995
Series:State of the art selling
Subjects:

MARC

LEADER 00000cam a2200000 7i4500
001 0000008605
002 000009380
005 20000330.0
020 |a 1564141675 
090 0 0 |a 658.85   |b FAR 
100 1 |a Farber, Barry J 
245 1 0 |a Superstar sales secrets   |c Barry J. Farber 
260 |a New Jersey :   |b Career Press ,   |c 1995 
300 |a 127p. :   |b ill ;   |c 21 cm. 
490 0 |a State of the art selling 
650 0 0 |a Sales management 
999 |a 048285   |b BUKU   |c PINJAMAN   |e PERPUSTAKAAN KOMUNITI PETALING JAYA 
999 |a 048286   |b BUKU   |c PINJAMAN   |e PERPUSTAKAAN KOMUNITI PETALING JAYA